عرض عادي عرض مارك
  • Microsoft Access.

مدخل عنوان موحد

عدد التسجيلات المستخدمة في: 13

001 - رقم الضبط

  • حقل الضبط: 4263

003 - معرف رقم الضبط

  • حقل الضبط: OSt

005 - تاريخ ووقت أخر عملية

  • حقل الضبط: 20110911093033.0

008 - عناصر بيانات ثابتة الطول

  • حقل تحكم ثابت الطول: 110911|||a|||||| | ||| d

040 ## - مصدر الفهرسة

  • هيئة الفهرسة الأصلية: OSt
  • وكالة الكتابة: OSt

130 ## - مدخل -- اسم مؤتمر

  • العنوان الموحد: Microsoft Access.

670 ## - بيانات المصدر موجوده

  • الاستشهاد بالمصدر: Work cat.: (OSt)0: O'Leary, Timothy J., 1947- 4249, Microsoft Access 2010 :, c2011.